书目信息 |
| 题名: |
明清小说论丛
|
|
| 作者: | 彭定安 编著 | |
| 分册: | 第一辑 | |
| 出版信息: | 沈阳 春风文艺出版社 1984.5 |
|
| 页数: | 385页 | |
| 开本: | 32开 | |
| 丛书名: | ||
| 单 册: | ||
| 中图分类: | I207.4 | |
| 科图分类: | ||
| 主题词: | 文学--中国 | |
| 电子资源: | ||
| ISBN: | ||
| 000 | 00571nam0 2200205 45 | |
| 001 | 0210151408 | |
| 005 | 20031219104058.5 | |
| 010 | @dCNY1.75 | |
| 091 | @a10158.757 | |
| 100 | @a20021015d1984 km y0chiy0120 ea | |
| 101 | 0 | @achi |
| 105 | @a z 000zy | |
| 200 | 1 | @a明清小说论丛@h第一辑@AMing Qing Xiao Shuo Lun Cong@f彭定安等编著@FPeng Ding An Deng Bian Zhu |
| 210 | @a沈阳@c春风文艺出版社@d1984.5 | |
| 215 | @a385页@d32开 | |
| 606 | 0 | @a文学@x中国 |
| 690 | @aI207.4@v3 | |
| 701 | 0 | @a彭定安@4编著 |
| 801 | @aCN@bTSTC@c20021015 | |
| 905 | @f1@b173511@dI207.4@e117:1 | |
| 明清小说论丛.第一辑/彭定安等编著.-沈阳:春风文艺出版社,1984.5 |
| 385页;32开 |
| ISBN :CNY1.75 |
| ● |
| 相关链接 |
|
|
|
|
正题名:明清小说论丛
索取号:I207.4/117:1
 
预约/预借
| 序号 | 登录号 | 条形码 | 馆藏地/架位号 | 状态 | 备注 |
| 1 | 0109187 | 000778607 | 密集书库/ [索取号:I207.4/117:1] | 在馆 | |
| 2 | 0173508 | 001610402 | 密集书库/ [索取号:I207.4/117:1] | 在馆 | |
| 3 | 0173509 | 001608111 | 密集书库/ [索取号:I207.4/117:1] | 在馆 | |
| 4 | 0173511 | 001608077 | 密集书库/ [索取号:I207.4/117:1] | 在馆 |